000 00977nam a2200277 i 4500
003 DO-SdBNP
005 20240923143319.0
007 ta
008 240923s1998 sp a 000 0 spa d
020 _a8448709195
040 _aDO-SdBNP
_bspa
_cBNPHU
_erda
082 _222
_bS387
100 1 _4aut.
_aSchultz, Uwe
_970708
_eautor
245 1 3 _aLa fiesta :
_buna historia cultural desde la antigüedad hasta nuestros días /
_cUwe Schultz ; traducción José Luis Gil Aristu
264 1 _aBarcelona, España :
_bAltaya,
_c1998.
300 _a367 páginas
_bilustraciones
_c20 cm.
336 _atexto
_btxt
_2rdacontent
337 _asin mediación
_bn
_2rdamedia
338 _avolumen
_bnc
_2rdacarrier
490 1 _aGrandes obras de historia
_v71
504 _aIncluye referencias bibliográficas y notas al pie de las páginas
590 _aInventariado, 2024/ YL
700 _4trad.
_a Gil Aristu, José Luis
_e traducción
_948331
910 _aYLockward
942 _2ddc
_cLBS1
999 _c57739
_d57739